IDENTIFICATION OF BEAN RUST(uromyces appendiculatus)RACES AND EVALUATION OF VIRULENCE AND TOLERANCE ON SELECTED BEAN CULTIVARS IN NYAMIRA AND NAROK SOUTH, KENYA. (Record no. 216074)

MARC details
000 -LEADER
fixed length control field 00511nam a22001457a 4500
008 - FIXED-LENGTH DATA ELEMENTS--GENERAL INFORMATION
fixed length control field 250908b |||||||| |||| 00| 0 eng d
100 ## - MAIN ENTRY--PERSONAL NAME
Personal name NYANGAU E. KEBASO
245 ## - TITLE STATEMENT
Title IDENTIFICATION OF BEAN RUST(uromyces appendiculatus)RACES AND EVALUATION OF VIRULENCE AND TOLERANCE ON SELECTED BEAN CULTIVARS IN NYAMIRA AND NAROK SOUTH, KENYA.
260 ## - PUBLICATION, DISTRIBUTION, ETC.
Place of publication, distribution, etc. KISII
Name of publisher, distributor, etc. KISII UNIVERSITY
Date of publication, distribution, etc. 2015
300 ## - PHYSICAL DESCRIPTION
Extent XIV,74P.
500 ## - GENERAL NOTE
General note INCLUDES AN INDEX
650 ## - SUBJECT ADDED ENTRY
Topical term or geographic name entry element BEAN DISEASES
942 ## - ADDED ENTRY ELEMENTS (KOHA)
Source of classification or shelving scheme Library of Congress Classification
Koha item type Reference
Holdings
Withdrawn status Lost status Source of classification or shelving scheme Damaged status Not for loan Collection Home library Current library Shelving location Date acquired Inventory number Total checkouts Full call number Barcode Date last seen Copy number Price effective from Koha item type
    Library of Congress Classification     Science & Technology Kisii University Library Kisii University Library On Display 09/08/2025 109452   THE S 341 .K43 2015 000000021052 09/08/2025 C.2 09/08/2025 Reference